Statistics for Films Set in the United States by State

Click here to take the quiz!

General Stats

  • This quiz has been taken 31 times
  • The average score is 5 of 20

Answer Stats

FilmRelease YearState% Correct
Into The Wild2007Alaska
70%
50 First Dates2004Hawaii
67%
Field of Dreams1989Iowa
59%
Big1988New York
56%
Holes2003Texas
48%
Fight Club1999Delaware
33%
Tremors1990Nevada
30%
Stand By Me1986Oregon
30%
Lake Placid1999Maine
22%
Wind River2017Wyoming
22%
Arrival2016Montana
15%
The Block Island Sound2020Rhode Island
15%
Mud2012Arkansas
11%
It Follows2014Michigan
11%
The Kings of Summer2013Ohio
11%
Kid Cannabis2014Idaho
7%
Night of the Living Dead1968Pennsylvania
7%
Tucker & Dale vs. Evil2010West Virginia
7%
10 Cloverfield Lane2016Louisiana
4%
Jennifer’s Body2009Minnesota
4%

Score Distribution

Percentile by Number Answered

Percent of People with Each Score

Your Score History

You have not taken this quiz